[Event "Youth League Tournament"]
[Site "SchemingMind.com"]
[Date "2006.10.05"]
[Round "-"]
[White "acchessor"]
[Black "tassie_devil"]
[Result "0-1"]
[WhiteCountry "USA"]
[BlackCountry "AUS"]
[WhiteElo "1376"]
[WhiteRD "110"]
[BlackElo "1915"]
[BlackRD "90"]
[GameID "70149"]

1. e4 c5 2. c3 Nc6 3. Nf3 e6 4. d4 d5 5. Bd3 c4 6. Bc2 g6 7. exd5 Qxd5 8. O-O Nf6 9. Re1 Bg7 10. Bf4 O-O
11. Nbd2 b5 12. Be4 Nxe4 13. Nxe4 a5 14. Nc5 f6 15. Qe2 e5 16. dxe5 Qxc5 17. exf6 Rxf6 18. Be5 Re6
0-1